[Event "Norrkoeping Easter op"]
[Site "Norrkoeping"]
[Date "2010.04.05"]
[Round "8"]
[White "Hobber, Anders"]
[Black "Flyckt, Jakob"]
[Result "1/2-1/2"]
[WhiteElo "2139"]
[BlackElo "2039"]
[PlyCount "54"]
[EventDate "2010.04.02"]
[EventType "swiss"]
[EventRounds "8"]
[EventCountry "SWE"]
[SourceTitle "CBM 135 Extra"]
[Source "ChessBase"]
[SourceDate "2010.05.04"]
[SourceVersion "1"]
[SourceVersionDate "2010.05.04"]
[SourceQuality "1"]

1. d4 Nf6 2. Nf3 g6 3. e3 Bg7 4. Bd3 0-0 5. 0-0 d6 6. Nbd2 Nc6 7. c3 e5 8. dxe5 Nxe5 9. Nxe5 dxe5 10. Qc2 b6 11. e4 Bb7 12. Rd1 Qe7 13. Nc4 Qe6 14. b3 h6 15. a4 Rfd8 16. Ba3 Rd7 17. Ne3 Rad8 18. Bc4 Qe8 19. f3 Bf8 20. b4 h5 21. Rxd7 Rxd7 22. Rd1 Qd8 23. Rxd7 Qxd7 24. Qd1 Qxd1+ 25. Nxd1 Bc6 26. Bb3 a5 27. Ne3 Nd7 1/2-1/2